Contrôle de gestion sociale : salaires, masse salariale, effectifs, compétences, performances 5ème édition (notice n° 1554545)
[ vue normale ]
| 000 -LEADER | |
|---|---|
| fixed length control field | 02480cam a2200277zu 4500 |
| 003 - CONTROL NUMBER IDENTIFIER | |
| control field | FRCYB10139844 |
| 005 - DATE AND TIME OF LATEST TRANSACTION | |
| control field | 20251020123528.0 |
| 008 - FIXED-LENGTH DATA ELEMENTS--GENERAL INFORMATION | |
| fixed length control field | 251020s2005 fr | o|||||0|0|||fre d |
| 020 ## - INTERNATIONAL STANDARD BOOK NUMBER | |
| International Standard Book Number | 9782711775590 |
| 035 ## - SYSTEM CONTROL NUMBER | |
| System control number | FRCYB10139844 |
| 040 ## - CATALOGING SOURCE | |
| Original cataloging agency | FR-PaCSA |
| Language of cataloging | fr |
| Transcribing agency | |
| Description conventions | rda |
| 100 1# - MAIN ENTRY--PERSONAL NAME | |
| Personal name | Martory, Bernard |
| 245 01 - TITLE STATEMENT | |
| Title | Contrôle de gestion sociale : salaires, masse salariale, effectifs, compétences, performances 5ème édition |
| Statement of responsibility, etc. | ['Martory, Bernard'] |
| 264 #1 - PRODUCTION, PUBLICATION, DISTRIBUTION, MANUFACTURE, AND COPYRIGHT NOTICE | |
| Name of producer, publisher, distributor, manufacturer | Vuibert |
| Date of production, publication, distribution, manufacture, or copyright notice | 2005 |
| 300 ## - PHYSICAL DESCRIPTION | |
| Extent | p. |
| 336 ## - CONTENT TYPE | |
| Content type code | txt |
| Source | rdacontent |
| 337 ## - MEDIA TYPE | |
| Media type code | c |
| Source | rdamdedia |
| 338 ## - CARRIER TYPE | |
| Carrier type code | c |
| Source | rdacarrier |
| 520 ## - SUMMARY, ETC. | |
| Summary, etc. | Les rapports des hommes avec le travail, les formes d'organisation de la production, les modalités des rapports professionnels ont subi de profondes transformations. Ces mutations exigent de nouvelles formes du pilotage et du contrôle. Comment les concevoir ? Comment les mettre en œuvre, en développant notamment les pratiques du contrôle social ? Autant d'interrogations auxquelles ont tenté de répondre les entreprises qui ont affronté précocement ces changements et dont l'extension s'impose maintenant au plus grand nombre. Cette 5e édition de Contrôle de gestion sociale résulte en large partie de travaux de terrain, ou plus fondamentaux, conduits avec de nombreux responsables financiers, du contrôle et des ressources humaines. Il restitue de façon synthétique des expériences et formule des principes plus généraux concernant : le pilotage des systèmes de rémunération ; l'analyse et la gestion de la masse salariale ; la mesure et le développement des performances sociales ; l'élaboration des budgets de frais de personnel ; la gestion stratégique des effectifs et des compétences ; la mise sous processus des activités ressources humaines ; la création et le pilotage de la " valeur ajoutée sociale " dans les entreprises contemporaines. Les étudiants et responsables d'entreprise en finance, contrôle, gestion des ressources humaines, contrôle de gestion sociale, puiseront dans ces approches transversales de nombreux cas et exemples illustrant le propos et permettant de cerner la nature de leurs métiers dans le cadre de la mise en œuvre de systèmes de gestion de " troisième type ". |
| 650 #0 - SUBJECT ADDED ENTRY--TOPICAL TERM | |
| Topical term or geographic name entry element | |
| 700 0# - ADDED ENTRY--PERSONAL NAME | |
| Personal name | Martory, Bernard |
| 856 40 - ELECTRONIC LOCATION AND ACCESS | |
| Access method | Cyberlibris |
| Uniform Resource Identifier | <a href="https://international.scholarvox.com/netsen/book/10139844">https://international.scholarvox.com/netsen/book/10139844</a> |
| Electronic format type | text/html |
| Host name | |
Pas d'exemplaire disponible.




Réseaux sociaux